Statistics for Number 1 hits of 2019

Click here to take the quiz!

General Stats

  • This quiz has been taken 97 times
  • The average score is 9 of 16

Answer Stats

SingerSong% Correct
Billie EilishBad Guy
87%
Lil Nas XOld Town Road
87%
Lady Gaga & Bradley CooperShallow
77%
Shawn Mendes & Camila CabelloSenorita
70%
Ariana Grande7 Rings
62%
LizzoTruth Hurts
61%
Post Malone Ft. Swae LeeSunflower
60%
Lewis CapaldiSomeone You Loved
58%
Post MaloneCircles
56%
Jonas BrothersSucker
52%
Ariana GrandeThank U, Next
49%
Mariah CareyAll I Want For Christmas Is You
45%
HalseyWithout Me
44%
Travis ScottHighest In The Room
35%
Selena GomezLose You To Love Me
35%
The WeekndHeartless
26%

Score Distribution

Percentile by Number Answered

Percent of People with Each Score

Your Score History

You have not taken this quiz